MARC details
| 000 -LEADER |
| campo de control de longitud fija |
01749nam a22004697a 4500 |
| 003 - IDENTIFICADOR DE NÚMERO DE CONTROL |
| campo de control |
OSt |
| 005 - FECHA Y HORA DE LA ÚLTIMA TRANSACCIÓN |
| campo de control |
20230413102322.0 |
| 008 - DATOS DE LONGITUD FIJA--INFORMACIÓN GENERAL |
| campo de control de longitud fija |
221006b |||||||| |||| 00| 0 eng d |
| 040 ## - FUENTE DE CATALOGACIÓN |
| Centro/agencia transcriptor |
Biblioteca Lado V |
| 082 ## - NÚMERO DE LA CLASIFICACIÓN DECIMAL DEWEY |
| Número de clasificación |
700 |
| Número de ítem |
K41a |
| 100 ## - ENTRADA PRINCIPAL--NOMBRE DE PERSONA |
| 9 (RLIN) |
797 |
| Nombre de persona |
Kerraoul, Jean Pierre de |
| Término indicativo de función/relación |
editor |
| -- |
director |
| 245 ## - MENCIÓN DEL TÍTULO |
| Título |
Artpress/ |
| 260 ## - PUBLICACIÓN, DISTRIBUCIÓN, ETC. |
| Nombre del editor, distribuidor, etc. |
Court Gallerie |
| Fecha de publicación, distribución, etc. |
2007 |
| Lugar de publicación, distribución, etc. |
Paris |
| 300 ## - DESCRIPCIÓN FÍSICA |
| Dimensiones |
21x28cm |
| Extensión |
18p. |
| Material acompañante/anejo |
material extra del numero 335 |
| 366 ## - INFORMACIÓN SOBRE DISPONIBILIDAD COMERCIAL |
| Nota |
eng |
| 366 ## - INFORMACIÓN SOBRE DISPONIBILIDAD COMERCIAL |
| Nota |
fre |
| 490 ## - MENCIÓN DE SERIE |
| Designación de volumen o secuencia |
07 |
| -- |
2007 |
| Número Internacional Normalizado para Publicaciones Seriadas |
0245 5676 |
| Mención de serie |
335 |
| 505 ## - NOTA DE CONTENIDO CON FORMATO |
| Título |
exporama Biennale de Venise 2007 |
| 505 ## - NOTA DE CONTENIDO CON FORMATO |
| Título |
Biennale de Venise 2007 |
| 505 ## - NOTA DE CONTENIDO CON FORMATO |
| Título |
Roberto Storr penser avec les sens, sentir avec la raison |
| 505 ## - NOTA DE CONTENIDO CON FORMATO |
| Título |
Felix Gonzalez Torres couples |
| 505 ## - NOTA DE CONTENIDO CON FORMATO |
| Título |
Eric Duyckaerts les verites qui n'en sont pas |
| 505 ## - NOTA DE CONTENIDO CON FORMATO |
| Título |
dans la caverne de Yehudit Sasportas |
| 505 ## - NOTA DE CONTENIDO CON FORMATO |
| Título |
Tracey Emin au centre de ses reves |
| 505 ## - NOTA DE CONTENIDO CON FORMATO |
| Título |
dans les labyrinthes de Monika Sosnowska |
| 505 ## - NOTA DE CONTENIDO CON FORMATO |
| Título |
la Documenta 12, culture de ses reves |
| 505 ## - NOTA DE CONTENIDO CON FORMATO |
| Título |
skulptur projekte munster 07 |
| 505 ## - NOTA DE CONTENIDO CON FORMATO |
| Título |
le retour de Stephane Pencreach |
| 505 ## - NOTA DE CONTENIDO CON FORMATO |
| Título |
art press livres |
| 505 ## - NOTA DE CONTENIDO CON FORMATO |
| Título |
le feuilleton |
| 505 ## - NOTA DE CONTENIDO CON FORMATO |
| Título |
les expositions |
| 650 ## - PUNTO DE ACCESO ADICIONAL DE MATERIA--TÉRMINO DE MATERIA |
| Fuente del encabezamiento o término |
Tesauro de Arte & Arquitectura |
| Término de materia o nombre geográfico como elemento de entrada |
ARTE |
| 9 (RLIN) |
703 |
| 650 ## - PUNTO DE ACCESO ADICIONAL DE MATERIA--TÉRMINO DE MATERIA |
| Fuente del encabezamiento o término |
Tesauro de Arte & Arquitectura |
| Término de materia o nombre geográfico como elemento de entrada |
EXPOSICIONES |
| 650 ## - PUNTO DE ACCESO ADICIONAL DE MATERIA--TÉRMINO DE MATERIA |
| Fuente del encabezamiento o término |
Tesauro de Arte & Arquitectura |
| Término de materia o nombre geográfico como elemento de entrada |
BIENAL |
| 650 ## - PUNTO DE ACCESO ADICIONAL DE MATERIA--TÉRMINO DE MATERIA |
| Fuente del encabezamiento o término |
Tesauro de Arte & Arquitectura |
| Término de materia o nombre geográfico como elemento de entrada |
APRECIACION |
| 650 ## - PUNTO DE ACCESO ADICIONAL DE MATERIA--TÉRMINO DE MATERIA |
| Fuente del encabezamiento o término |
Tesauro de Arte & Arquitectura |
| Término de materia o nombre geográfico como elemento de entrada |
TEORIA |
| 650 ## - PUNTO DE ACCESO ADICIONAL DE MATERIA--TÉRMINO DE MATERIA |
| Fuente del encabezamiento o término |
Tesauro de Arte & Arquitectura |
| Término de materia o nombre geográfico como elemento de entrada |
CRITICA |
| 650 ## - PUNTO DE ACCESO ADICIONAL DE MATERIA--TÉRMINO DE MATERIA |
| Fuente del encabezamiento o término |
Tesauro de Arte & Arquitectura |
| Término de materia o nombre geográfico como elemento de entrada |
FOTOGRAFIA |
| 9 (RLIN) |
702 |
| 650 ## - PUNTO DE ACCESO ADICIONAL DE MATERIA--TÉRMINO DE MATERIA |
| Fuente del encabezamiento o término |
Tesauro de Arte & Arquitectura |
| Término de materia o nombre geográfico como elemento de entrada |
LITERATURA |
| 650 ## - PUNTO DE ACCESO ADICIONAL DE MATERIA--TÉRMINO DE MATERIA |
| Fuente del encabezamiento o término |
Tesauro de Arte & Arquitectura |
| Término de materia o nombre geográfico como elemento de entrada |
PARIS |
| 942 ## - ELEMENTOS DE ENTRADA SECUNDARIOS (KOHA) |
| Fuente del sistema de clasificación o colocación |
Clasificación Decimal Dewey |
| Tipo de ítem Koha |
Libros |
| Parte de la signatura que corresponde a la clasificación (Parte de la clasificación) |
700 |
| Parte de la signatura que identifica el ejemplar (Parte del ítem) |
K41a |
| Suprimir en OPAC |
No |